Statistiques concernant Pokémon - Tous les Pokémon (Septième génération)

Cliquez ici pour prendre le quiz!

Statistiques générales

  • Ce quiz a été pris 37 fois
  • Le résultat moyen est 55 sur 88

Statistiques - réponses

NuméroPokémon% Correct
722Brindibou
91%
727Félinferno
91%
730Oratoria
91%
728Otaquin
91%
724Archéduc
86%
723Effllèche
86%
725Flamiaou
86%
792Lunala
86%
729Otarlette
86%
791Solgaléo
86%
805Ama-Ama
82%
726Matoufeu
82%
800Necrozma
82%
735Argouste
77%
789Cosmog
77%
758Malamandre
77%
788Tokopisco
77%
785Tokorico
77%
786Tokotoro
77%
772Type:0
77%
790Cosmovum
73%
801Magearna
73%
734Manglouton
73%
808Meltan
73%
773Silvallié
73%
787Tokopiyon
73%
757Tritox
73%
782Bébécaille
68%
799Engloutyran
68%
746Froussardine
68%
798Katagami
68%
745Lougaroc
68%
809Melmetal
68%
778Mimiqui
68%
794Mouscoto
68%
806Pierroteknik
68%
744Rocabot
68%
793Zéroïd
68%
797Bamboiselle
64%
796Câbliifère
64%
795Cancrelove
64%
739Crabagarre
64%
740Crabominable
64%
754Floramantis
64%
738Lucanon
64%
802Marshadow
64%
741Plumeline
64%
763Sucreine
64%
803Vémini
64%
733Bazoucan
59%
750Bourrinos
59%
762Candine
59%
737Chrysapile
59%
804Mandrillon
59%
774Météno
59%
731Picassaut
59%
748Prédastérie
59%
743Rubombelle
59%
768Sarmuraï
59%
767Sovkipou
59%
752Tarenbulle
59%
749Tiboudet
59%
807Zeraora
59%
776Boumata
55%
780Draïeul
55%
783Ecaïd
55%
777Togedemaru
55%
747Vorastérie
55%
769Bacabouh
50%
761Croquine
50%
779Denticrisse
50%
736Larvibule
50%
753Mimantis
50%
770Trépassable
50%
751Araqua
45%
742Bombydou
45%
771Concombaffe
45%
764Guérilande
45%
775Dodoala
41%
765Gouroutan
41%
732Piclairon
41%
781Sinistrail
41%
766Quartermac
36%
760Chelours
32%
759Nounourson
32%
756Lampignon
27%
755Spododo
23%
784Ekaïser
14%

Distribution des résultats

Percentile par nombre de réponses

% des personnes avec chaque résultat

Votre développement - résultats

Vous n’avez pas pris ce quiz